<?xml version="1.0" encoding="UTF-8"?>
<collection xmlns="http://www.loc.gov/MARC21/slim">
 <record>
  <leader>01721nam a2200217Ia 4500</leader>
  <controlfield tag="001">CTU_209614</controlfield>
  <controlfield tag="008">210402s9999    xx            000 0 und d</controlfield>
  <datafield tag="082" ind1=" " ind2=" ">
   <subfield code="a">631.47</subfield>
  </datafield>
  <datafield tag="082" ind1=" " ind2=" ">
   <subfield code="b">Th305</subfield>
  </datafield>
  <datafield tag="088" ind1=" " ind2=" ">
   <subfield code="a">60850103</subfield>
  </datafield>
  <datafield tag="100" ind1=" " ind2=" ">
   <subfield code="a">Thiều, Quang Thiện</subfield>
  </datafield>
  <datafield tag="245" ind1=" " ind2="0">
   <subfield code="a">Ứng dụng mô hình toán tối ưu đa mục tiêu trong quy hoạch sử dụng đất nông nghiệp tại huyện Hồng Dân, tỉnh Bạc Liêu :</subfield>
  </datafield>
  <datafield tag="245" ind1=" " ind2="0">
   <subfield code="b">Luận văn tốt nghiệp cao học. Chuyên ngành Quản lý đất đai</subfield>
  </datafield>
  <datafield tag="245" ind1=" " ind2="0">
   <subfield code="c">Thiều Quang Thiện ; Lê Quang Trí, Nguyễn Hữu Kiệt (Hướng dẫn khoa học)</subfield>
  </datafield>
  <datafield tag="260" ind1=" " ind2=" ">
   <subfield code="a">Cần Thơ</subfield>
  </datafield>
  <datafield tag="260" ind1=" " ind2=" ">
   <subfield code="b">Trường Đại học Cần Thơ</subfield>
  </datafield>
  <datafield tag="260" ind1=" " ind2=" ">
   <subfield code="c">2015</subfield>
  </datafield>
  <datafield tag="520" ind1=" " ind2=" ">
   <subfield code="a">Nghiên cứu về việc thiết lập mô hình tối ưu đa mục tiêu tuyến tính mờ (FMOLP- Fuzzy Multi- Objecttive Linear Programming) trong xác định diện tích các phương án sử dụng đất nông nghiệp tối ưu; đánh giá hiệu quả của phương án quy hoạch sử dung đất nông nghiệp đến 2020 theo mô hình bài toán tối ưu hóa đa mục tiêu thông qua đánh giá chỉ tiêu về kinh tế, xã hội và môi trường; đánh giá tính khả thi của phương án quy hoạch sử dụng đất nông nghiệp theo bài toán tối ưu đa mục tiêu qua nhận định của người dân</subfield>
  </datafield>
  <datafield tag="650" ind1=" " ind2=" ">
   <subfield code="a">Soil management,Quản lý đất đai</subfield>
  </datafield>
  <datafield tag="904" ind1=" " ind2=" ">
   <subfield code="i">Nguyễn Thị Phương Thảo (Nguyên)</subfield>
  </datafield>
  <datafield tag="980" ind1=" " ind2=" ">
   <subfield code="a">Trung tâm Học liệu Trường Đại học Cần Thơ</subfield>
  </datafield>
 </record>
</collection>
